000 00606nam a22002177a 4500
003 UA-OsUOA
001 68393
007 ta
008 20100423b un ||||| |||| 00| 0 ukr d
100 _aГорецький П.
090 _a82
_bГ68
942 _cSA
040 _aUA-OsUOA
_bukr
_cUA-OsUOA
_dUA-OsUOA
245 _aМикола Зеров. 26 квітня минає 120-ліття від дня народження митця
300 _aС.6
955 _a0
041 _aukr
080 _a82
773 0 _w68392
650 7 _a82 Література. Літературознавство
_2UDC
999 _c354635
_d354635